000 00412nam a2200157Ia 4500
008 151213s9999 xx 000 0 und d
100 _aSunderlal T. Desai
245 _aMulla Principles of Hindu Law
_cSunderlal T. Desai
250 _a16th
260 _aNew Delhi
_bN.M. Tripathi ( p ) ( L + D)
_c1990
300 _a3722 p.
650 _aLaw
650 _aLaw
700 _aSunderlal T. Desai
999 _c2466
_d2466